COMPUTER AND COMMON SENSE (Record no. 9794)
[ view plain ]
| 000 -LEADER | |
|---|---|
| fixed length control field | 00547cam a2200205ua 4500 |
| 008 - FIXED-LENGTH DATA ELEMENTS--GENERAL INFORMATION | |
| fixed length control field | 160228n1987 II |||gr||||Z||||||eng |
| 040 ## - CATALOGING SOURCE | |
| Original cataloging agency | MAIN |
| 041 ## - LANGUAGE CODE | |
| -- | English |
| 082 ## - DEWEY DECIMAL CLASSIFICATION NUMBER | |
| Classification number | 000 HUN |
| 100 ## - MAIN ENTRY--PERSONAL NAME | |
| Personal name | HUNT , ROGER . |
| 245 ## - TITLE STATEMENT | |
| Title | COMPUTER AND COMMON SENSE |
| 260 ## - PUBLICATION, DISTRIBUTION, ETC. | |
| Place of publication, distribution, etc. | NEW DELHI |
| Name of publisher, distributor, etc. | PRENTICE HALL OF INDIA |
| Date of publication, distribution, etc. | 1987 |
| 300 ## - PHYSICAL DESCRIPTION | |
| Extent | 175.: |
| Dimensions | 20CM. |
| 500 ## - GENERAL NOTE | |
| General note | DONATED BOOK BY BOBITA AGARWAL |
| 700 ## - ADDED ENTRY--PERSONAL NAME | |
| Personal name | HUNT , ROGER ., |
| Relator term | Author. |
| 700 ## - ADDED ENTRY--PERSONAL NAME | |
| Personal name | SHELLEY , J . |
| 942 ## - ADDED ENTRY ELEMENTS (KOHA) | |
| Koha item type | Books |
| 653 ## - INDEX TERM--UNCONTROLLED | |
| Uncontrolled term | Computer science,information & general works |
| Withdrawn status | Lost status | Damaged status | Not for loan | Collection code | Home library | Current library | Shelving location | Date acquired | Full call number | Barcode | Date last seen | Copy number | Price effective from | Koha item type |
|---|---|---|---|---|---|---|---|---|---|---|---|---|---|---|
| Reference book of Computer Science | Central Library and Information Centre Sibsagar Girls College | Central Library and Information Centre Sibsagar Girls College | COMPUTER SC BOOK RACK | 04.02.1984 | 004.65 | 08656 | 27.02.2020 | 1 | 27.02.2020 | Books |